书目信息 |
| 题名: |
士林人格的坚守人——龚自珍
|
|
| 作者: | 李菲菲 著 | |
| 分册: | ||
| 出版信息: | 太原 山西人民出版社 2020.07 |
|
| 页数: | 174页 | |
| 开本: | 26cm | |
| 丛书名: | 教育薪火书系 | |
| 单 册: | ||
| 中图分类: | B251.5 | |
| 科图分类: | ||
| 主题词: | ||
| 电子资源: | ||
| ISBN: | 978-7-203-11497-0 | |
| 000 | 00879oam2 2200253 450 | |
| 001 | 0102100420 | |
| 005 | 20210402100821.0 | |
| 010 | @a978-7-203-11497-0@dCNY50.00 | |
| 100 | @a20201106d2020 em y0chiy50 ea | |
| 101 | 0 | @achi |
| 102 | @aCN@b140000 | |
| 105 | @ay z 000yd | |
| 106 | @ar | |
| 200 | 1 | @a士林人格的坚守人——龚自珍@Ashi lin ren ge de jian shou ren —— gong zi zhen@f李菲菲著 |
| 210 | @a太原@c山西人民出版社@d2020.07 | |
| 215 | @a174页@d26cm | |
| 225 | 2 | @a教育薪火书系@h第一辑 |
| 330 | @a本书分七章,内容包括:凄迷生我处,宛转梦中寻;凭君且莫登高望,忽忽中原暮霭生;从君烧尽虫鱼学,甘作东京卖饼家;颓波难挽挽颓心,壮岁曾为九牧箴等。 | |
| 461 | 0 | @12001 @a教育薪火书系 |
| 600 | 0 | @a龚自珍@f(1792-1841)@x人物研究 |
| 690 | @aB251.5@v5 | |
| 701 | 0 | @a李菲菲@Ali fei fei@f(1993-)@4著 |
| 801 | 0 | @aCN@bBJSZM@c20210402 |
| 905 | @b1275832-4@dB251.5@e97@f3 | |
| 士林人格的坚守人——龚自珍/李菲菲著.-太原:山西人民出版社,2020.07 |
| 174页;26cm.-(教育薪火书系.第一辑) |
| ISBN 978-7-203-11497-0:CNY50.00 |
| 本书分七章,内容包括:凄迷生我处,宛转梦中寻;凭君且莫登高望,忽忽中原暮霭生;从君烧尽虫鱼学,甘作东京卖饼家;颓波难挽挽颓心,壮岁曾为九牧箴等。 |
| ● |
| 相关链接 |
|
|
|
|
正题名:士林人格的坚守人——龚自珍
索取号:B251.5/97
 
预约/预借
| 序号 | 登录号 | 条形码 | 馆藏地/架位号 | 状态 | 备注 |
| 1 | 1275832 | 212758327 | 第一样本阅览室/ [索取号:B251.5/97] | 在馆 |